[Event "3. Hrvatska liga zapad 2017."]
[Site "Pula, Gospić, Rijeka"]
[Date "2017.04.09"]
[Round "5.2"]
[White "Pahljina, Ivo"]
[Black "Kovacic, Dragutin"]
[Result "0-1"]
[WhiteElo "1393"]
[BlackElo "2006"]
[PlyCount "38"]
[EventDate "2017.03.25"]

1. e4 e6 2. Nc3 Nc6 3. g3 g6 4. Bg2 Bg7 5. Nge2 Nge7 6. O-O O-O 7. d3 d5 8. Bg5
f6 9. Bd2 d4 10. Nb1 e5 11. h3 Be6 12. Qc1 Qd7 13. Kh2 f5 14. exf5 Nxf5 15. f4
Rf7 16. fxe5 Bxe5 17. Bf4 Bd5 18. Bxe5 Bxg2 19. Kxg2 Ne3+ 0-1

[Event "3. Hrvatska liga zapad 2017."]
[Site "Pula, Gospić, Rijeka"]
[Date "2017.04.09"]
[Round "5.2"]
[White "Dizdarevic, Mirsad"]
[Black "Perusko, Niko"]
[Result "0-1"]
[WhiteElo "1853"]
[BlackElo "1337"]
[PlyCount "130"]
[EventDate "2017.03.25"]

1. d4 f5 2. Nf3 Nf6 3. g3 g6 4. Bg2 Bg7 5. O-O O-O 6. Nbd2 d6 7. Re1 Nc6 8. c3
e5 9. dxe5 dxe5 10. e4 Nxe4 11. Qb3+ Kh8 12. Nxe4 fxe4 13. Ng5 Qe8 14. Nxe4 b6
15. Be3 Bb7 16. Qc2 Rd8 17. Rad1 Rxd1 18. Rxd1 Ne7 19. f3 Nd5 20. Bg5 h6 21.
Bd2 Nf6 22. Re1 Bxe4 23. fxe4 Ng4 24. h3 Nf6 25. Be3 Qf7 26. b3 g5 27. Rf1 Qe7
28. Rf2 Rd8 29. Kh2 Qf7 30. Rf5 Qh5 31. Bf3 Qg6 32. g4 Ne8 33. Bg2 Nd6 34. Rf2
Qe8 35. a4 Qc6 36. c4 Nb7 37. Rd2 Rf8 38. b4 a5 39. b5 Qf6 40. Rf2 Qe7 41.
Rxf8+ Bxf8 42. Kg1 Qf6 43. Kh2 Bc5 44. Bg1 Qf4+ 45. Kh1 Bxg1 46. Kxg1 Qe3+ 47.
Kh1 Kg7 48. Qd1 Qd4 49. Qf1 Qd7 50. Qe2 Nc5 51. Qc2 Qd3 52. Qb2 Qd4 53. Qc2
Qa1+ 54. Kh2 Nxa4 55. Qf2 Qd4 56. Qf5 Qd6 57. Kg1 Nc5 58. h4 Qf6 59. Qc8 Qe7
60. hxg5 hxg5 61. Qf5 a4 62. Qc8 a3 63. Qa8 Nd3 64. Kh2 Nf4 65. Bf3 Qc5 0-1

[Event "3. Hrvatska liga zapad 2017."]
[Site "Pula, Gospić, Rijeka"]
[Date "2017.04.09"]
[Round "5.3"]
[White "Gall, Toni Peter"]
[Black "Zufic, Zeljko"]
[Result "0-1"]
[WhiteElo "1725"]
[BlackElo "2225"]
[PlyCount "72"]
[EventDate "2017.03.25"]

1. e4 e5 2. Bc4 Nc6 3. Nf3 Bc5 4. c3 Nf6 5. b4 Bb6 6. Qe2 d6 7. a4 a6 8. h3 O-O
9. d3 Ne7 10. Bb3 Ng6 11. Na3 c6 12. Nc4 Bc7 13. Be3 d5 14. Ncd2 Re8 15. g3 h6
16. a5 Be6 17. Bc2 Qc8 18. Qf1 Ne7 19. Qg2 Nd7 20. Nb3 f5 21. Nc5 Nxc5 22. Bxc5
Qd7 23. g4 fxe4 24. dxe4 Ng6 25. Qg3 Nf4 26. Rd1 Qf7 27. Nh4 dxe4 28. Bxe4 Bd5
29. Qf3 g6 30. Ng2 Bc4 31. Rd2 Rad8 32. Kd1 Be2+ 33. Ke1 Bxf3 34. Bxf3 e4 35.
Rxd8 Bxd8 36. Nxf4 exf3+ 0-1

[Event "3. Hrvatska liga zapad 2017."]
[Site "Pula, Gospić, Rijeka"]
[Date "2017.04.09"]
[Round "5.3"]
[White "Konic, Zlatko"]
[Black "Causevic, Miro"]
[Result "1/2-1/2"]
[WhiteElo "2087"]
[BlackElo "1643"]
[PlyCount "84"]
[EventDate "2017.03.25"]

1. d4 d5 2. c4 e5 3. dxe5 d4 4. Nf3 Nc6 5. a3 a5 6. Bf4 Bc5 7. Nbd2 h6 8. Qc2
Nge7 9. Rd1 Bf5 10. Qc1 Bh7 11. Nb3 Ba7 12. e3 Nf5 13. g4 Nh4 14. Nxh4 Qxh4 15.
exd4 Qxg4 16. Qe3 Bc2 17. Be2 Qe6 18. Rd2 Bxb3 19. Qxb3 Nxd4 20. Qxb7 O-O 21.
Qe4 f5 22. Qd5 Rad8 23. Qxe6+ Nxe6 24. Rxd8 Rxd8 25. Bc1 Bd4 26. Rg1 Kh7 27.
Bh5 g5 28. h4 Bxe5 29. hxg5 Nf4 30. Bxf4 Bxf4 31. gxh6 Kxh6 32. Bd1 Bc1 33.
Rh1+ Kg7 34. b3 Bxa3 35. Bc2 Bb4+ 36. Kf1 Kg6 37. Rh3 Kg5 38. Rg3+ Kf4 39. Kg2
Rf8 40. Rg7 Bd6 41. Rg6 Ke5 42. Kf3 Rf6 1/2-1/2

[Event "3. Hrvatska liga zapad 2017."]
[Site "Pula, Gospić, Rijeka"]
[Date "2017.04.09"]
[Round "5.3"]
[White "Desnica, Lara"]
[Black "Pasalic, Enio"]
[Result "0-1"]
[WhiteElo "1349"]
[BlackElo "1996"]
[PlyCount "62"]
[EventDate "2017.03.25"]

1. e4 c5 2. Nc3 a6 3. g3 Nc6 4. Bg2 g6 5. f4 d6 6. Nf3 Bg7 7. d3 e6 8. O-O Nge7
9. Be3 Nd4 10. Nd2 O-O 11. g4 f5 12. exf5 gxf5 13. g5 Ng6 14. Rc1 Rb8 15. Qe1
b5 16. h4 b4 17. h5 bxc3 18. hxg6 cxd2 19. gxh7+ Kxh7 20. Qh4+ Kg6 21. Rcd1 Rh8
22. Qf2 Nxc2 23. Rxd2 Nxe3 24. Re1 Ng4 25. Qg3 Bd4+ 26. Kf1 Qa5 27. Rc2 Rxb2
28. Rxb2 Bxb2 29. Bc6 Bd4 30. Re2 Qb6 31. Bf3 Ne3+ 0-1

[Event "3. Hrvatska liga zapad 2017."]
[Site "Pula, Gospić, Rijeka"]
[Date "2017.04.09"]
[Round "5.4"]
[White "Zrilic, Bozo"]
[Black "Kvaternik, Kresimir"]
[Result "1/2-1/2"]
[WhiteElo "1902"]
[BlackElo "1951"]
[PlyCount "78"]
[EventDate "2017.03.25"]

1. d4 c6 2. Nf3 Nf6 3. Nbd2 d5 4. c3 g6 5. h3 Bg7 6. g3 Nbd7 7. Bg2 O-O 8. O-O
Re8 9. Re1 e5 10. e4 dxe4 11. Nxe4 Nxe4 12. Rxe4 exd4 13. Rxe8+ Qxe8 14. Nxd4
Nf8 15. Be3 Ne6 16. Nf3 Nc7 17. Qa4 Bf5 18. Re1 Ne6 19. Qh4 Qd8 20. Qa4 a6 21.
Rd1 Qe7 22. Nh4 Rd8 23. Nxf5 gxf5 24. Rxd8+ Qxd8 25. Qc2 f4 26. gxf4 Nc7 27.
Bb6 Qd7 28. c4 Ne6 29. Be3 Nd4 30. Qd1 c5 31. b3 b6 32. Kh2 Qd6 33. Qg4 f5 34.
Qh5 Qg6 35. Bd5+ Kf8 36. Qd1 Ke7 37. a3 a5 38. Ba8 Qd6 39. Qg1 Bh6 1/2-1/2

[Event "3. Hrvatska liga zapad 2017."]
[Site "Pula, Gospić, Rijeka"]
[Date "2017.04.09"]
[Round "5.4"]
[White "Acinger, Zeljko"]
[Black "Radmanovic, Lazar"]
[Result "1/2-1/2"]
[WhiteElo "1919"]
[BlackElo "1792"]
[PlyCount "67"]
[EventDate "2017.03.25"]

1. e4 e6 2. d4 d5 3. exd5 exd5 4. Bd3 Bd6 5. Nf3 Nf6 6. O-O O-O 7. Bg5 Bg4 8.
Nbd2 Nbd7 9. c4 c6 10. Qc2 h6 11. Bh4 Rc8 12. c5 Bf4 13. Bf5 Bxf5 14. Qxf5 Bb8
15. Ne5 Re8 16. Nxd7 Qxd7 17. Qxd7 Nxd7 18. Rfe1 Bf4 19. Nf3 Kf8 20. Bg3 Bxg3
21. hxg3 Rxe1+ 22. Rxe1 Re8 23. b4 g5 24. a4 Rxe1+ 25. Nxe1 Ke7 26. g4 Ke6 27.
Nc2 f5 28. gxf5+ Kxf5 29. f3 h5 30. b5 g4 31. Nb4 Nb8 32. Kf2 h4 33. fxg4+ Kxg4
34. Nd3 1/2-1/2

[Event "3. Hrvatska liga zapad 2017."]
[Site "Pula, Gospić, Rijeka"]
[Date "2017.04.09"]
[Round "5.4"]
[White "Klaric, Nikolina"]
[Black "Res, Dalibor"]
[Result "1-0"]
[WhiteElo "1726"]
[BlackElo "1679"]
[PlyCount "52"]
[EventDate "2017.03.25"]

1. c4 e5 2. Nc3 Nf6 3. g3 Bc5 4. Bg2 c6 5. e3 a6 6. Nge2 d6 7. b3 Bf5 8. d4
exd4 9. exd4 Bb4 10. O-O O-O 11. Bb2 Qd7 12. Nf4 Re8 13. d5 Bg4 14. Qc1 cxd5
15. Ncxd5 Nxd5 16. Nxd5 Qf5 17. Nxb4 Re2 18. Qc3 f6 19. Rae1 Nd7 20. Rxe2 Bxe2
21. Re1 Bh5 22. Bd5+ Kf8 23. Be6 Qc5 24. Bxd7 Rd8 25. Bh3 a5 26. Nd5 Bf3 1-0

[Event "3. Hrvatska liga zapad 2017."]
[Site "Pula, Gospić, Rijeka"]
[Date "2017.04.09"]
[Round "5.5"]
[White "Bakija, Davor"]
[Black "Beric, Zeljko"]
[Result "1/2-1/2"]
[WhiteElo "1980"]
[BlackElo "1918"]
[PlyCount "110"]
[EventDate "2017.03.25"]

1. e4 e5 2. Nf3 Nc6 3. Bb5 Bc5 4. O-O Nd4 5. Bc4 Nxf3+ 6. Qxf3 Qf6 7. Qxf6 Nxf6
8. Nc3 c6 9. Bb3 d6 10. h3 b5 11. d3 Ke7 12. Be3 Bb6 13. Bxb6 axb6 14. f4 exf4
15. Rxf4 Be6 16. Raf1 b4 17. Nd1 Bxb3 18. axb3 Ra1 19. Ne3 Rxf1+ 20. Rxf1 g6
21. Ra1 Nd7 22. Ra7 Ke6 23. Rc7 c5 24. Ra7 f5 25. exf5+ gxf5 26. Nxf5 d5 27. g4
Rg8 28. Kf2 h5 29. Kg3 hxg4 30. hxg4 Ne5 31. Rg7 Rxg7 32. Nxg7+ Kf6 33. Ne8+
Kg5 34. Nc7 c4 35. Ne6+ Kf6 36. Nf4 cxb3 37. cxb3 Kg5 38. Nh3+ Kf6 39. Nf2 Nc6
40. Kf4 Nd4 41. g5+ Kg6 42. Nh3 Nxb3 43. Ke5 Nc5 44. d4 Nd3+ 45. Kxd5 Nxb2 46.
Nf4+ Kxg5 47. Ne2 Kf5 48. Nc1 Kf4 49. Nb3 Ke3 50. Kc6 Kd3 51. Kxb6 Kc4 52. Na5+
Kxd4 53. Kb5 Kc3 54. Nc6 Nd3 55. Nxb4 Nxb4 1/2-1/2

[Event "3. Hrvatska liga zapad 2017."]
[Site "Pula, Gospić, Rijeka"]
[Date "2017.04.09"]
[Round "5.5"]
[White "Zezelj, Milan"]
[Black "Rajkovic, Italo"]
[Result "1-0"]
[WhiteElo "1915"]
[BlackElo "1973"]
[PlyCount "100"]
[EventDate "2017.03.25"]

1. e4 e5 2. f4 Nc6 3. Nf3 d5 4. exd5 Qxd5 5. Nc3 Qe6 6. Bb5 Bd7 7. O-O Bc5+ 8.
Kh1 O-O-O 9. Bxc6 Bxc6 10. Nxe5 Nh6 11. Nxc6 Qxc6 12. d3 Rhe8 13. Bd2 g6 14.
Qf3 Qd7 15. Rae1 f5 16. h3 a6 17. a3 Ng8 18. Rxe8 Rxe8 19. Re1 Rxe1+ 20. Bxe1
Ne7 21. Bf2 Bd4 22. Bxd4 Qxd4 23. g3 h5 24. Kg2 Qc5 25. Qe2 Kd7 26. Qf3 Kc8 27.
Qf2 Qc6+ 28. Kh2 Qd6 29. Qe3 b6 30. Ne2 Nc6 31. c3 Kb7 32. Ng1 Ka7 33. Nf3 Kb7
34. Ne5 Ne7 35. d4 b5 36. Nd3 Nd5 37. Qe5 Qc6 38. Nc5+ Kb6 39. Qe6 Qxe6 40.
Nxe6 Kc6 41. Nc5 Kb6 42. Kg1 a5 43. Kf2 b4 44. axb4 axb4 45. c4 Nf6 46. Ke3 Ka5
47. b3 Kb6 48. Nd3 Ne4 49. g4 hxg4 50. hxg4 Nd6 1-0

[Event "3. Hrvatska liga zapad 2017."]
[Site "Pula, Gospić, Rijeka"]
[Date "2017.04.09"]
[Round "5.5"]
[White "Pilepic, Slobodan"]
[Black "Kacunko, Jozo"]
[Result "0-1"]
[WhiteElo "1845"]
[BlackElo "1903"]
[PlyCount "104"]
[EventDate "2017.03.25"]

1. d4 e6 2. Nf3 Nf6 3. e3 d5 4. Bd3 b6 5. O-O Bb7 6. Nbd2 Nbd7 7. c4 Bd6 8. b3
O-O 9. Bb2 Re8 10. Rc1 e5 11. dxe5 Nxe5 12. Be2 Qe7 13. h3 Rad8 14. Nxe5 Bxe5
15. Bxe5 Qxe5 16. Nf3 Qe7 17. Qc2 c5 18. Rfe1 dxc4 19. Qxc4 Nd5 20. Qa4 a6 21.
Qc4 Nb4 22. Ra1 Rd6 23. a3 Nc6 24. Rad1 Red8 25. Rxd6 Rxd6 26. Rd1 Ne5 27. Nxe5
Qxe5 28. Rxd6 Qxd6 29. b4 h6 30. e4 Kf8 31. f3 Ke7 32. Kf2 Qd4+ 33. Qxd4 cxd4
34. Bc4 f6 35. Ke2 Kd6 36. Kd3 Ke5 37. g3 g5 38. Ke2 a5 39. Bd3 Bc8 40. g4 Be6
41. Kf2 Bb3 42. Kg3 Ba4 43. bxa5 bxa5 44. Kf2 Kd6 45. Kg3 Kc5 46. f4 Bb5 47.
Bc2 d3 48. Bd1 Kd4 49. Bf3 Ba4 50. fxg5 hxg5 51. h4 gxh4+ 52. Kxh4 d2 0-1

[Event "3. Hrvatska liga zapad 2017."]
[Site "Pula, Gospić, Rijeka"]
[Date "2017.04.09"]
[Round "5.5"]
[White "Vilke, Filip"]
[Black "Desnica, Jovan"]
[Result "1-0"]
[WhiteElo "1642"]
[BlackElo "1711"]
[PlyCount "95"]
[EventDate "2017.03.25"]

1. c4 e5 2. Nc3 Nf6 3. e4 c6 4. Nf3 d6 5. h3 h6 6. Be2 Nbd7 7. O-O Nc5 8. d3
Be6 9. Be3 b6 10. b4 Ncd7 11. Qa4 Qc8 12. d4 exd4 13. Nxd4 c5 14. Nxe6 fxe6 15.
b5 Be7 16. Bf3 Ne5 17. Be2 O-O 18. f4 Nf7 19. Bf3 e5 20. f5 a6 21. Qd1 Qb7 22.
a4 Rfd8 23. Qc2 Ra7 24. Ra2 a5 25. Qf2 Kh7 26. h4 Rg8 27. g4 g6 28. Kh2 Qc8 29.
Rg1 Qd8 30. g5 hxg5 31. hxg5 Ne8 32. f6 Nxf6 33. gxf6 Bxf6 34. Rh1 Bh4 35. Kg1
g5 36. Bg4 Nh6 37. Bf5+ Kg7 38. Qg2 Kf6 39. Nd5+ Kf7 40. Qf3 Kg7 41. Rg2 Kh8
42. Qh5 Qf8 43. Bxg5 Bxg5 44. Rxg5 Rxg5+ 45. Qxg5 Rg7 46. Rxh6+ Kg8 47. Rg6
Rxg6 48. Qxg6+ 1-0

[Event "3. Hrvatska liga zapad 2017."]
[Site "Pula, Gospić, Rijeka"]
[Date "2017.04.09"]
[Round "6.1"]
[White "Zoricic, Marijan"]
[Black "Pavicic, Tomislav"]
[Result "0-1"]
[WhiteElo "2051"]
[BlackElo "2123"]
[PlyCount "44"]
[EventDate "2017.03.25"]

1. e4 d6 2. d4 Nf6 3. Nc3 Nbd7 4. Be3 e5 5. f3 Be7 6. Qd2 c6 7. O-O-O O-O 8. g4
b5 9. Kb1 b4 10. Nce2 Qa5 11. Nc1 Rb8 12. h4 c5 13. dxc5 dxc5 14. Qf2 Qc7 15.
h5 Nb6 16. g5 Ne8 17. Qd2 Na4 18. Ka1 c4 19. Qd5 Be6 20. Qd2 Nxb2 21. g6 Nxd1
22. Qxd1 b3 0-1

[Event "3. Hrvatska liga zapad 2017."]
[Site "Pula, Gospić, Rijeka"]
[Date "2017.04.09"]
[Round "6.1"]
[White "Bakija, Davor"]
[Black "Fele, Vladimir"]
[Result "1/2-1/2"]
[WhiteElo "1980"]
[BlackElo "1921"]
[PlyCount "28"]
[EventDate "2017.03.25"]

1. e4 e5 2. Nf3 Nc6 3. Bb5 d6 4. d4 exd4 5. Nxd4 Bd7 6. Nxc6 Bxc6 7. Bxc6+ bxc6
8. O-O Ne7 9. b3 Ng6 10. Bb2 f6 11. c4 Be7 12. Nc3 O-O 13. Qh5 Qd7 14. Rad1 Ne5
1/2-1/2

[Event "3. Hrvatska liga zapad 2017."]
[Site "Pula, Gospić, Rijeka"]
[Date "2017.04.09"]
[Round "6.1"]
[White "Djuric, Petar"]
[Black "Rajkovic, Italo"]
[Result "1/2-1/2"]
[WhiteElo "1922"]
[BlackElo "1973"]
[PlyCount "54"]
[EventDate "2017.03.25"]

1. Nf3 Nf6 2. d4 d5 3. Bg5 Nbd7 4. e3 h6 5. Bh4 g5 6. Bg3 Ne4 7. Nfd2 Nxg3 8.
hxg3 Nf6 9. c4 c6 10. Nc3 Bg7 11. Bd3 dxc4 12. Nxc4 O-O 13. Qc2 Nd5 14. Ne4 Nb4
15. Qd2 Nxd3+ 16. Qxd3 e5 17. Ncd6 exd4 18. exd4 Qa5+ 19. Kf1 b6 20. Kg1 Ba6
21. Qf3 f5 22. Nxg5 hxg5 23. Qh5 Rf6 24. b4 Qxb4 25. Qh7+ Kf8 26. Nxf5 Rxf5 27.
Qxf5+ Kg8 1/2-1/2

[Event "3. Hrvatska liga zapad 2017."]
[Site "Pula, Gospić, Rijeka"]
[Date "2017.04.09"]
[Round "6.1"]
[White "Pilepic, Slobodan"]
[Black "Jurman, Nenad"]
[Result "1/2-1/2"]
[WhiteElo "1845"]
[BlackElo "1841"]
[PlyCount "65"]
[EventDate "2017.03.25"]

1. d4 Nf6 2. c4 e6 3. Nc3 Bb4 4. Bd2 c5 5. a3 cxd4 6. axb4 dxc3 7. Bxc3 O-O 8.
g3 Qc7 9. Bxf6 gxf6 10. e3 f5 11. Rc1 Nc6 12. Qb3 Ne5 13. Bg2 a5 14. Nf3 axb4
15. O-O Nc6 16. Rfd1 d6 17. Rd2 Rd8 18. Ne1 Ra6 19. Nd3 Rb6 20. Rcd1 Na5 21.
Qa4 Nxc4 22. Rc2 Bd7 23. Qa2 b3 24. Rxc4 Qxc4 25. Qa5 Qb5 26. Qc3 e5 27. Qd2
Bc6 28. e4 Bxe4 29. Qg5+ Kf8 30. Qxd8+ Kg7 31. Qg5+ Kf8 32. Qd8+ Kg7 33. Qg5+
1/2-1/2

[Event "3. Hrvatska liga zapad 2017."]
[Site "Pula, Gospić, Rijeka"]
[Date "2017.04.09"]
[Round "6.1"]
[White "Zbasnik, Zeljko"]
[Black "Desnica, Jovan"]
[Result "1/2-1/2"]
[WhiteElo "1792"]
[BlackElo "1711"]
[PlyCount "111"]
[EventDate "2017.03.25"]

1. e4 c5 2. Nf3 d6 3. d4 cxd4 4. Nxd4 Nc6 5. Nxc6 bxc6 6. Nc3 Bd7 7. Bc4 e6 8.
O-O Nf6 9. Bf4 e5 10. Bg5 h6 11. Bh4 g5 12. Bg3 h5 13. f3 h4 14. Bf2 Nh5 15.
Ne2 Nf4 16. Qe1 Be7 17. Rd1 Qc7 18. Be3 h3 19. g3 Ng2 20. Qd2 f6 21. a3 Nxe3
22. Qxe3 Qb6 23. Qxb6 axb6 24. g4 b5 25. Bd3 c5 26. Ng3 c4 27. Be2 Be6 28. Nf5
Bxf5 29. exf5 O-O-O 30. Rd5 Kd7 31. Rxb5 Rb8 32. Bxc4 Kc6 33. a4 Rxb5 34. Bxb5+
Kc5 35. Rd1 d5 36. Kf2 d4 37. c3 Rd8 38. cxd4+ exd4 39. b3 Kb4 40. Bc4 Bc5 41.
Kf1 Kc3 42. Rd3+ Kc2 43. Kf2 Bb4 44. f4 gxf4 45. Kf3 Bd2 46. a5 Bxa5 47. Kxf4
Bc7+ 48. Ke4 Bxh2 49. Rxh3 Be5 50. Rd3 Rh8 51. g5 Rh4+ 52. Kd5 Rf4 53. gxf6
Bxf6 54. Ke6 Bd8 55. Rg3 Re4+ 56. Kd7 1/2-1/2

[Event "3. Hrvatska liga zapad 2017."]
[Site "Pula, Gospić, Rijeka"]
[Date "2017.04.09"]
[Round "6.1"]
[White "Saric, Husnija"]
[Black "Haidinger, Erik"]
[Result "1/2-1/2"]
[WhiteElo "1830"]
[BlackElo "1720"]
[PlyCount "82"]
[EventDate "2017.03.25"]

1. d4 Nf6 2. e3 e6 3. a3 b6 4. c4 Bb7 5. Nd2 c5 6. dxc5 Bxc5 7. b4 Be7 8. Bb2
O-O 9. Ngf3 d6 10. Rc1 Nbd7 11. Qc2 Rc8 12. Qb1 Qc7 13. Be2 Rfe8 14. O-O h6 15.
Nd4 a6 16. Bf3 Ne5 17. Bxb7 Qxb7 18. h3 Rc7 19. a4 Rec8 20. c5 bxc5 21. bxc5
Rxc5 22. Rxc5 dxc5 23. Nxe6 fxe6 24. Bxe5 Qxb1 25. Rxb1 Nd5 26. Nc4 Kf7 27. Rb7
Kf8 28. a5 g6 29. Rb6 Nb4 30. Rxe6 Kf7 31. Rb6 Rc6 32. Rb7 Ke6 33. e4 Bf6 34.
Bxf6 Kxf6 35. f4 Nd3 36. Rb6 Re6 37. e5+ Kf7 38. Nd6+ Ke7 39. g3 Nb4 40. Kf2
Kd7 41. Kf3 Kc7 1/2-1/2

[Event "3. Hrvatska liga zapad 2017."]
[Site "Pula, Gospić, Rijeka"]
[Date "2017.04.09"]
[Round "6.2"]
[White "Beric, Zeljko"]
[Black "Sercer, Zoran"]
[Result "1-0"]
[WhiteElo "1918"]
[BlackElo "2100"]
[PlyCount "115"]
[EventDate "2017.03.25"]

1. e4 c6 2. d4 d5 3. Nc3 dxe4 4. Nxe4 Nf6 5. Bd3 Nxe4 6. Bxe4 Nd7 7. Nf3 Nf6 8.
Bd3 Bg4 9. c3 e6 10. h3 Bh5 11. Bg5 Be7 12. g4 Bg6 13. Bc4 Be4 14. Qe2 Bd5 15.
O-O-O Qa5 16. Bh4 b5 17. Bxd5 cxd5 18. Kb1 Rc8 19. Ne5 O-O 20. Bxf6 gxf6 21.
Nd3 b4 22. cxb4 Qb6 23. Nf4 Qxb4 24. Rhe1 Rb8 25. Rd2 Rfe8 26. h4 Qb7 27. Nh5
Bd8 28. Qe3 Qb4 29. Qh6 Qf8 30. Nxf6+ Bxf6 31. Qxf6 Rb6 32. Re5 h6 33. g5 Qg7
34. f4 Qxf6 35. gxf6 Kh7 36. f5 Rg8 37. a3 Rg1+ 38. Ka2 Rf1 39. Rg2 Rxf5 40.
Rg7+ Kh8 41. Rxf5 exf5 42. Rxf7 f4 43. Rxa7 Rxf6 44. Rc7 f3 45. Rc1 h5 46. b4
Kg7 47. b5 Rf4 48. b6 Rf6 49. Rb1 f2 50. b7 Rf8 51. a4 Re8 52. a5 Re2+ 53. Ka3
Re3+ 54. Ka4 Re1 55. b8=Q f1=Q 56. Qg3+ Kf7 57. Rxe1 Qc4+ 58. Ka3 1-0

[Event "3. Hrvatska liga zapad 2017."]
[Site "Pula, Gospić, Rijeka"]
[Date "2017.04.09"]
[Round "6.2"]
[White "Kvaternik, Kresimir"]
[Black "Zezelj, Milan"]
[Result "1/2-1/2"]
[WhiteElo "1951"]
[BlackElo "1915"]
[PlyCount "129"]
[EventDate "2017.03.25"]

1. e4 Nc6 2. Nf3 e5 3. Bb5 a6 4. Ba4 Nf6 5. O-O Be7 6. Re1 b5 7. Bb3 O-O 8. c3
d6 9. d4 Bg4 10. d5 Nb8 11. a4 Nbd7 12. axb5 axb5 13. Rxa8 Qxa8 14. Na3 Rb8 15.
Bc2 b4 16. Nc4 Nc5 17. cxb4 Rxb4 18. b3 Qa2 19. Re3 Rxc4 20. bxc4 Qxc4 21. Qe2
Qb4 22. Qd2 Qb6 23. Ba3 Nfd7 24. Qb4 Qa6 25. Qc3 h6 26. Re1 Kh7 27. Bc1 Bh5 28.
Be3 Bg6 29. Nd2 c6 30. dxc6 Qxc6 31. f3 Bg5 32. Bf2 Qb5 33. Qc4 Qb8 34. Nf1 Ne6
35. Qc6 Ndc5 36. Rb1 Qd8 37. Rd1 Be7 38. Bb1 Qa5 39. Qe8 Qc7 40. Qb5 Bf6 41.
Ne3 Nd4 42. Qc4 Qb8 43. Nc2 Nde6 44. Nb4 Bg5 45. Nc6 Qb2 46. Qc2 Qa3 47. Qa2
Qc3 48. Qd5 Nb3 49. Qxd6 Nbd4 50. Nxe5 Ne2+ 51. Kf1 Bf4 52. Kxe2 Bxe5 53. Qd2
Nf4+ 54. Kf1 Qc7 55. Bg3 f6 56. Qd7 Qb8 57. Bd3 Be8 58. Qe7 Nxd3 59. Rxd3 Bb5
60. Qa3 Bxg3 61. hxg3 Qxg3 62. Qb3 Qe5 63. Kf2 Bxd3 64. Qxd3 h5 65. g3 1/2-1/2

[Event "3. Hrvatska liga zapad 2017."]
[Site "Pula, Gospić, Rijeka"]
[Date "2017.04.09"]
[Round "6.2"]
[White "Kacunko, Jozo"]
[Black "Acinger, Zeljko"]
[Result "1/2-1/2"]
[WhiteElo "1903"]
[BlackElo "1919"]
[PlyCount "66"]
[EventDate "2017.03.25"]

1. e4 e6 2. d4 d5 3. Nc3 Nf6 4. Bg5 Be7 5. e5 Nfd7 6. Bxe7 Qxe7 7. Nf3 a6 8.
Bd3 c5 9. dxc5 Nxc5 10. O-O Nc6 11. Re1 O-O 12. Ne2 f6 13. Ned4 Nxd4 14. Nxd4
fxe5 15. Rxe5 Qf6 16. Nf3 Bd7 17. Qe2 Rae8 18. Re1 Bc6 19. Nd4 Ne4 20. Bxe4
dxe4 21. Nxc6 bxc6 22. Rxe4 Qxb2 23. Rxe6 Rc8 24. Qc4 Qb5 25. Qb3 Kh8 26. Re7
Qc5 27. Qg3 Rg8 28. Qb3 Rcd8 29. Qf7 Rdf8 30. R7e5 Qb6 31. Qc4 Rxf2 32. Qc5
Qxc5 33. Rxc5 Rf6 1/2-1/2

[Event "3. Hrvatska liga zapad 2017."]
[Site "Pula, Gospić, Rijeka"]
[Date "2017.04.09"]
[Round "6.2"]
[White "Galic, Simeun"]
[Black "Birk, Bojan"]
[Result "0-1"]
[WhiteElo "1881"]
[BlackElo "1973"]
[PlyCount "80"]
[EventDate "2017.03.25"]

1. e4 d6 2. d4 Nf6 3. Nc3 g6 4. h3 Bg7 5. Nf3 c6 6. Be3 O-O 7. Bd3 Qc7 8. Qd2
b5 9. a3 a5 10. Ne2 Nbd7 11. Bh6 e5 12. Bxg7 Kxg7 13. c3 Nb6 14. b3 Be6 15. Rb1
a4 16. b4 Bc4 17. Nh4 Bxd3 18. Qxd3 Nc4 19. Ra1 Rfe8 20. Ng3 d5 21. dxe5 Nxe5
22. Qd4 dxe4 23. O-O Rad8 24. Qe3 Nd5 25. Qg5 f6 26. Qc1 Nd3 27. Qd2 Qe5 28.
Ne2 g5 29. Nd4 gxh4 30. f3 Qg5 31. Qxg5+ fxg5 32. fxe4 Rxe4 33. Nxc6 Rf8 34.
Rfd1 N3f4 35. Rd2 Re2 36. Rxe2 Nxe2+ 37. Kh2 Rf2 38. Rd1 Ne3 39. Rd7+ Kh6 40.
Rd6+ Kh5 0-1

[Event "3. Hrvatska liga zapad 2017."]
[Site "Pula, Gospić, Rijeka"]
[Date "2017.04.09"]
[Round "6.2"]
[White "Vilke, Filip"]
[Black "Klaric, Nikolina"]
[Result "1/2-1/2"]
[WhiteElo "1642"]
[BlackElo "1726"]
[PlyCount "60"]
[EventDate "2017.03.25"]

1. c4 e5 2. Nc3 Nf6 3. e4 Nc6 4. Nf3 d6 5. h3 Be6 6. Be2 Be7 7. O-O h6 8. d4
exd4 9. Nxd4 Nxd4 10. Qxd4 O-O 11. Be3 Nh7 12. Rad1 Qc8 13. f4 f5 14. Nd5 Bxd5
15. Qxd5+ Kh8 16. e5 c6 17. Qd3 Qe6 18. exd6 Bxd6 19. Bf3 Rad8 20. Qb3 a6 21.
Bb6 Rde8 22. Bh5 Re7 23. Rfe1 Qf6 24. Rxe7 Qxe7 25. Qc3 Bxf4 26. Re1 Qd6 27.
Bd4 Nf6 28. Bg6 c5 29. Bxf6 Rxf6 30. Re8+ Rf8 1/2-1/2

[Event "3. Hrvatska liga zapad 2017."]
[Site "Pula, Gospić, Rijeka"]
[Date "2017.04.09"]
[Round "6.3"]
[White "Zufic, Zeljko"]
[Black "Mazuran, Marijan"]
[Result "1-0"]
[WhiteElo "2225"]
[BlackElo "2081"]
[PlyCount "50"]
[EventDate "2017.03.25"]

1. d4 c5 2. d5 Nf6 3. c4 d6 4. Nc3 g6 5. e4 Bg7 6. Nf3 O-O 7. Be2 e6 8. O-O Re8
9. Qc2 Na6 10. dxe6 Bxe6 11. Bf4 Nb4 12. Qd2 Nc6 13. Bxd6 Nd4 14. e5 Ng4 15.
Rfd1 Nxf3+ 16. Bxf3 Nxe5 17. Bxe5 Qxd2 18. Rxd2 Bxe5 19. Bxb7 Rab8 20. Bc6 Rec8
21. Bb5 Rd8 22. Re2 Bxc3 23. bxc3 Rd3 24. Re5 Rxc3 25. Rxc5 Ra3 1-0

[Event "3. Hrvatska liga zapad 2017."]
[Site "Pula, Gospić, Rijeka"]
[Date "2017.04.09"]
[Round "6.3"]
[White "Pasalic, Enio"]
[Black "Zrilic, Bozo"]
[Result "1-0"]
[WhiteElo "1996"]
[BlackElo "1902"]
[PlyCount "53"]
[EventDate "2017.03.25"]

1. d4 Nf6 2. c4 e6 3. Nf3 b6 4. g3 Bb7 5. Bg2 Bb4+ 6. Bd2 a5 7. O-O O-O 8. Nc3
Be7 9. Qc2 d5 10. cxd5 exd5 11. Ne5 c5 12. e3 Nbd7 13. f4 Rc8 14. Qf5 g6 15.
Qd3 Ra8 16. Qb1 a4 17. f5 g5 18. Qd1 Bd6 19. Ng4 a3 20. bxa3 Kg7 21. Nb5 Bb8
22. e4 Nxe4 23. Bxe4 dxe4 24. f6+ Kg6 25. Bxg5 h5 26. Bh4 cxd4 27. Qc1 1-0

[Event "3. Hrvatska liga zapad 2017."]
[Site "Pula, Gospić, Rijeka"]
[Date "2017.04.09"]
[Round "6.3"]
[White "Radmanovic, Lazar"]
[Black "Siljan, Milorad"]
[Result "1-0"]
[WhiteElo "1792"]
[BlackElo "1989"]
[PlyCount "77"]
[EventDate "2017.03.25"]

1. e4 Nf6 2. Nc3 e5 3. d3 Bb4 4. Bd2 O-O 5. Nf3 d6 6. Be2 Nc6 7. O-O Bg4 8. Bg5
Bxc3 9. bxc3 h6 10. Bh4 g5 11. Nxg5 Bxe2 12. Qxe2 hxg5 13. Bxg5 Kg7 14. f4 Qc8
15. fxe5 Ng4 16. Bf6+ Nxf6 17. exf6+ Kg6 18. Rf5 Qxf5 19. exf5+ Kxf6 20. Re1
Rh8 21. h3 Rag8 22. Qe3 Rg5 23. g4 Rgg8 24. Kg2 Rh4 25. Qg3 Rgh8 26. d4 R4h7
27. Qe3 Rg8 28. Kg3 Kg7 29. Qg5+ Kh8 30. Qf6+ Rhg7 31. h4 Rf8 32. g5 Kg8 33. h5
a6 34. Kg4 b5 35. h6 Rh7 36. Kh5 Nd8 37. g6 fxg6+ 38. Qxg6+ Kh8 39. Re8 1-0

[Event "3. Hrvatska liga zapad 2017."]
[Site "Pula, Gospić, Rijeka"]
[Date "2017.04.09"]
[Round "6.3"]
[White "Marceta, Milan"]
[Black "Mazuran, Gabrijel"]
[Result "0-1"]
[WhiteElo "1983"]
[BlackElo "1774"]
[PlyCount "98"]
[EventDate "2017.03.25"]

1. e4 c5 2. Nf3 e6 3. d4 cxd4 4. Nxd4 Nf6 5. Nc3 d6 6. Be2 a6 7. Be3 Be7 8. Qd2
b5 9. a3 Qc7 10. f3 Nc6 11. O-O-O Rb8 12. g4 Ne5 13. g5 Nfd7 14. Ndxb5 axb5 15.
Nxb5 Qc6 16. Nxd6+ Bxd6 17. Qxd6 Qxd6 18. Rxd6 O-O 19. h4 Re8 20. Rhd1 f5 21.
f4 Nf7 22. Rxd7 Bxd7 23. Rxd7 fxe4 24. Bc4 Rbd8 25. Rc7 Nd6 26. Rc6 Nf5 27.
Rxe6 Kh8 28. Rxe8+ Rxe8 29. Kd2 Nxh4 30. Ke2 Rc8 31. b3 Nf5 32. c3 Nd6 33. Bd4
Nxc4 34. bxc4 Rxc4 35. Ke3 Ra4 36. Bc5 Rc4 37. Bb4 h5 38. gxh6 gxh6 39. a4 h5
40. a5 h4 41. a6 h3 42. a7 Rc8 43. Kf2 Rg8 44. a8=Q Rxa8 45. Kg3 Rg8+ 46. Kxh3
e3 47. c4 e2 48. f5 Rg1 49. f6 Kg8 0-1